Normal view MARC view
  • GORE, M.M

Entry Personal Name

Number of records used in: 1

001 - CONTROL NUMBER

  • control field: 8472

003 - CONTROL NUMBER IDENTIFIER

  • control field: JRU

005 - DATE AND TIME OF LATEST TRANSACTION

  • control field: 20240831122747.0

008 - FIXED-LENGTH DATA ELEMENTS

  • fixed length control field: 240831|| aca||aabn | a|a d

040 ## - CATALOGING SOURCE

  • Original cataloging agency: JRU
  • Transcribing agency: JRU

100 ## - HEADING--PERSONAL NAME

  • Personal name: GORE, M.M

670 ## - SOURCE DATA FOUND

  • Source citation: Work cat.: (JRU)8599: GORE, M.M , ANATOMY AND PHYSIOLOGY OF YOGIC PRACTICES , 2005